Towards an economic platform for the south

Đã lưu trong:
Chi tiết về thư mục
Tác giả của công ty: South Centre (Tác giả)
Định dạng: Sách
Ngôn ngữ:Tiếng Anh
Được phát hành: Ginebra South Centre 1998
Những chủ đề:
Các nhãn: Thêm thẻ
Không có thẻ, Là người đầu tiên thẻ bản ghi này!

MARC

LEADER 00000nam a2200000 a 4500
001 UCP6297
003 CL-VaPUC
008 991021e19980000SZ |||||||||||||||||eng|d
082 0 4 |a 303.44  |b SOU  |2 21 
110 2 |a South Centre  |e author  |9 435316 
245 1 0 |a Towards an economic platform for the south 
300 |a 144 p 
942 |c BK 
945 |d 19991021 00:00:00  |a rbrito 
260 |a Ginebra  |b South Centre  |c 1998 
650 0 |a Desarrollo económico  |9 259599 
650 0 |a Economía internacional  |9 258254 
650 0 |a Geopolítica  |9 313921 
583 |a last modification  |c 19991021 00:00:00  |k Rodrigo Vera 
999 |c 283891  |d 283889 
952 |0 0  |1 0  |4 0  |6 303_440000000000000_SOU_1998  |7 0  |8 A  |9 327416  |a BIBING  |b BIBING  |d 2019-11-20  |i 356083K  |o 303.44 SOU 1998  |p 356083K  |r 2025-01-20  |w 2019-11-20  |y BK  |k EII 
952 |0 0  |1 0  |4 0  |6 303_440000000000000_SOU_1998  |7 0  |8 A  |9 327417  |a BIBGIM  |b BIBGIM  |d 2019-11-20  |i 3561089  |o 303.44 SOU 1998  |p 3561089  |r 2025-01-15  |w 2019-11-20  |y BK  |k GIM 
952 |0 0  |1 0  |4 0  |6 303_440000000000000_SOU_1998  |7 0  |8 A  |9 327418  |a BIBEDU  |b BIBEDU  |d 2019-11-20  |i 3565475  |o 303.44 SOU 1998  |p 3565475  |r 2019-11-20  |w 2019-11-20  |y BK  |k BME